00243nam a2200097Ia 4500008004100000041000800041082001300049100001500062245002800077260004000105231212s1946 xx 000 0 und d aeng a621.3817 aChute G.M. aElectronics In Industry aNew DelhibInternational Bookc1946